| 000 | 01978cam a2200313 i 4500 | ||
|---|---|---|---|
| 001 | 17912754 | ||
| 003 | SISC | ||
| 005 | 20170123135603.0 | ||
| 008 | 131021s2015 nyua b 001 0 eng | ||
| 010 | _a 2013037450 | ||
| 020 | _a9781259254222 | ||
| 020 | _a0077862546 (alk. paper) | ||
| 040 |
_aDLC _beng _cDLC _erda _dDLC |
||
| 042 | _apcc | ||
| 050 | 0 | 0 |
_aHD 31 _b.B369 2015 |
| 082 | 0 | 0 | _a658 |
| 100 | 1 | _aBateman, Thomas S. | |
| 245 | 1 | 0 |
_aManagement : _bleading & collaborating in a competitive world / _cThomas S. Bateman, McIntire School of Commerce, University of Virginia, Scott A. Snell, Darden Graduate School of Business, University of Virginia. |
| 250 | _a11th edition. | ||
| 260 |
_aNew York : _bMcGraw-Hill, _c2015. |
||
| 300 |
_axxxii, 630 pages : _bcolor illustrations ; _c28 cm. |
||
| 500 | _aIncludes bibliographical references and indexes. | ||
| 505 | 0 | _aPreface -- Foundations of management -- Managing and performing -- The external and internal environments -- Managerial decision making -- Planning: delivering strategic value -- Planning and strategic management -- Ethics, corporate responsibility, and sustainability -- International management -- Entrepreneurship -- Organizing: building a dynamic organization -- Organization structure -- Organizational agility -- Human resources management -- Managing the diverse workforce -- Leading: mobilizing people -- Leadership -- Motivating for performance -- Teamwork -- Communicating -- Controlling: learning and changing -- Managerial control -- Managing technology and innovation -- Creating and leading change -- Supporting case: technology helps dollar general pinch pennies -- Notes -- Photo credits -- Glossary/subject index -- Name index. | |
| 650 | 0 | _aManagement. | |
| 700 | 1 |
_aSnell, Scott. _d1958- |
|
| 906 |
_a7 _bcbc _corignew _d1 _eecip _f20 _gy-gencatlg |
||
| 942 |
_2lcc _cBK _kFOR |
||
| 999 |
_c288365 _d288365 |
||